Entry Personal Name
Number of records used in: 1
001 - CONTROL NUMBER
003 - CONTROL NUMBER IDENTIFIER
005 - DATE AND TIME OF LATEST TRANSACTION
- control field:
20210702121213.0
008 - FIXED-LENGTH DATA ELEMENTS
- fixed length control field:
910326n| acannaabn |n aaa
010 ## - LIBRARY OF CONGRESS CONTROL NUMBER
- LC control number:
n 91029803
035 ## - SYSTEM CONTROL NUMBER
- System control number:
(OCoLC)oca02918477
040 ## - CATALOGING SOURCE
- Original cataloging agency:
DLC
- Transcribing agency:
DLC
- Modifying agency:
FMU
100 1# - HEADING--PERSONAL NAME
- Personal name:
Taylor, John,
- Dates associated with a name:
1957-
670 ## - SOURCE DATA FOUND
- Source citation:
Garnier, R. Discrete mathematics for new technology, c1991:
- Information found:
CIP t.p. (John Taylor, senior lecturer in mathematics, Richmond College, London)
670 ## - SOURCE DATA FOUND
- Source citation:
Phone call to pub., 03-22-91
- Information found:
(John Taylor, b. 09-27-57)
670 ## - SOURCE DATA FOUND
- Source citation:
Univ. of Brighton website, Apr. 2, 2003
- Information found:
(teaching at School of Computing, Mathematical and Information Sciences, University of Brighton, England)